South Africa : the end of Apartheid?

Bibliographic Details
Main Author: Brickhill, Joan
Format: Book
Published: London : Gloucester Press Book , 1991
Series:Hotspots
Subjects:

MARC

LEADER 00000cam a2200000 7i4500
001 0000005697
002 000006159
005 20060119.0
020 |a 0749604441 
090 0 0 |a 910   |b BRI 
100 1 |a Brickhill, Joan 
245 1 0 |a South Africa :   |b the end of Apartheid?   |c Joan Brickhill 
260 |a London :   |b Gloucester Press Book ,   |c 1991 
300 |a 36p ;   |c 29 cm. 
490 0 |a Hotspots 
650 0 0 |a Africa, South   |x ApartheidxJuvenile literature 
999 |a 027101   |b BUKU   |c JUNIOR BOOKS   |e PERPUSTAKAAN KOMUNITI CAW KOTA DAMANSARA